MINOR ORALSURGERY (Record no. 4832)

MARC details
000 -LEADER
fixed length control field 00317nam a2200133Ia 4500
008 - FIXED-LENGTH DATA ELEMENTS--GENERAL INFORMATION
fixed length control field 150201s2014 xx 000 0 und d
082 ## - DEWEY DECIMAL CLASSIFICATION NUMBER
Classification number 617.5
Item number M1996H
100 ## - MAIN ENTRY--PERSONAL NAME
Personal name HOWE ,GEOFFREY.L
245 ## - TITLE STATEMENT
Title MINOR ORALSURGERY
250 ## - EDITION STATEMENT
Edition statement 3RD
260 ## - PUBLICATION, DISTRIBUTION, ETC. (IMPRINT)
Name of publisher, distributor, etc. VARGHESE PUBLICATION
650 ## - SUBJECT ADDED ENTRY--TOPICAL TERM
Topical term or geographic name as entry element ORAL SURGERY
942 ## - ADDED ENTRY ELEMENTS (KOHA)
Source of classification or shelving scheme Dewey Decimal Classification
Koha item type Books
Koha issues (borrowed), all copies 18
Holdings
Withdrawn status Lost status Source of classification or shelving scheme Damaged status Not for loan Home library Current library Date acquired Serial Enumeration / chronology SGTU Total Checkouts Full call number Barcode Date last seen Date last checked out Bill Date Koha item type Total Renewals
    Dewey Decimal Classification     SGT Dental Library SGT Dental Library 06/07/2014 1 SGTU 10 617.5 M1996H FD6947 18/12/2024 04/12/2024 09/02/2015 Books  
    Dewey Decimal Classification     SGT Dental Library SGT Dental Library 06/07/2014 1 SGTU 10 617.5 M1996H FD6948 19/09/2025 19/09/2025 09/02/2015 Books 1
    Dewey Decimal Classification     SGT Dental Library SGT Dental Library 06/07/2014 1 SGTU 5 617.5 M1996H FD6949 14/11/2025 19/09/2025 09/02/2015 Books  
    Dewey Decimal Classification     SGT Dental Library SGT Dental Library 06/07/2014 1 SGTU 1 617.5 M1996H FD6950 31/07/2017 10/02/2017 09/02/2015 Books  
    Dewey Decimal Classification     SGT Dental Library SGT Dental Library 06/07/2014 1 SGTU 9 617.5 M1996H FD6951 23/10/2025 06/10/2025 09/02/2015 Books